000 00285nam a22001217a 4500
008 170321b xxu||||| |||| 00| 0 eng d
041 _aeng
080 _230 ED
_a616.12 -008-073
100 _a7
101 _aSHM
245 _aA SEMINAR ON BLOOD COMPONENTS
_cMYHRE.B.A
942 _2udc
_cBK
999 _c8301
_d8301